000 00772nmc a2200289 a 4500
003 AR-BaBNM
005 20251128211430.0
008 144020s1997 ||||||||||||||000 | spa||
020 _a0-582-06075-3
040 _cAR-BaBNM
100 1 _aRabley, Stephen
245 1 0 _aMarcel and the Mona Lisa
250 _a1st ed.
260 _aEssex
_bAddison Wesley Longman Limited
_c1997
300 _a16 p.
_bil.
490 0 _aEasystarts
500 _aFalta el casete que acompaña la presente edición
650 4 _aCUENTOS DE ANIMALES
650 4 _aLITERATURA INGLESA
650 4 _aINGLES
650 4 _aACTIVIDADES DE APRENDIZAJE
653 _aLITERATURA JUVENIL
655 _aLITERATURA
700 1 _aMoore, Inga
_eilustrador
942 _cBK
998 _cmartin
999 _c19665
_d19665